000 00731nmc a2200253 a 4500
003 AR-BaBNM
005 20251128202812.0
008 027019s1981 ||||||||||||||000 | spa||
040 _cAR-BaBNM
100 1 _aMacchi, Manuel E.
245 1 0 _aEl breve gobierno de Urquiza en Buenos Aires
260 _aBuenos Aires
_bMuseo y Monumento Nacional 'Justo José de Urquiza'
_c1981
300 0 _a107 p.
490 0 _aSerie 3
_vv. 14
500 0 _aCarece de índice
600 1 4 _aUrquiza, Justo José de
650 4 _aORGANIZACION NACIONAL
650 4 _aHISTORIA DE LAS IDEAS
650 4 _aREVOLUCION DEL 11 DE SETIEMBRE
650 4 _aHISTORIA ECONOMICA
650 4 _aCONFEDERACION ARGENTINA
942 _cBK
998 _cmariana
999 _c643
_d643